L'alphabet des animes - Statistiques

Statistiques générales
  • Ce quiz a été pris 27 fois
  • Le résultat moyen est 19 sur 78
Statistiques - réponses
Par images Réponse % Correct
Hunter x Hunter
96%
Jojo
92%
Naruto
92%
Pokemon
92%
Fairy Tail
88%
Inazuma Eleven
84%
Spy X Family
80%
Vinland Saga
76%
Mob Psycho 100
72%
Beastars
68%
Re Zero
68%
Gintama
64%
Q
64%
Tokyo Ghoul
60%
Evangelion
56%
Kaguya-sama
56%
Death Parade
44%
Ousama Ranking
44%
Ranma 1/2
44%
Yu Yu Hakusho
44%
Cowboy Bebop
40%
Angel Beats
36%
Zom 100
36%
Takopi
32%
Yamada-kun to Lv999
32%
Lycoris Recoil
28%
The Quintessential Quintuplets
28%
X
28%
Little Witch Academia
24%
Wonder Egg Priority
24%
Flag
20%
Anne Shirley
16%
Paradise Kiss
16%
Wotakoi
16%
Odd Taxi
12%
Uzumaki
12%
xxxHOLiC
12%
Zombieland Saga
12%
Baccano
8%
City The Animation
8%
Inuyashiki
8%
Josee, le tigre et les poissons
8%
Sonny Boy
8%
Uma Musume
8%
Ao no 6-gou
4%
Bartender
4%
Dead Dead Demons Dededede Destruction
4%
FLCL
4%
Giji Harem
4%
Gokusen
4%
Inferno Cop
4%
Kaiba
4%
Katanagatari
4%
Monogatari
4%
NHK ni Youkoso
4%
Uchuu Patrol Luluco
4%
Vampire Hunter D
4%
Casshern Sins
0%
Dennou Coil
0%
Eizouken
0%
Emma: A Victorian Romance
0%
Hana et Alice mènent l'enquête
0%
Heike Monogatari
0%
Joshiraku
0%
Level E
0%
Master Keaton
0%
NieA Under 7
0%
Ongaku
0%
Pale Cocoon
0%
Qualidea Code
0%
Ristorante Paradiso
0%
Sayonara Zetsubou Sensei
0%
Shouwa Genroku Rakugo Shinjuu
0%
Tabisuru Nuigurumi: Traveling Daru
0%
Vivy
0%
Windy Tales
0%
Xam'd: Lost Memories
0%
Yano-kun's Ordinary Days
0%
Aucun quiz correspondant
Distribution des résultats
% des personnes avec chaque résultat
Percentile par nombre de réponses
Votre historique - résultats
Vous n’avez pas pris ce quiz